000 00581nam a2200217Ia 4500
003 OSt
005 20220928145341.0
006 a|||||r|||| 00| 0
007 ta
008 220927b |||||||| |||| 00| 0 eng d
024 _a80398
037 _cTextual
040 _aSDCL
_cSDCL
_beng
041 _2eng
_aeng
082 _aXM8.1'N8, M4
100 _aBehrman Jack N
_9512777
245 0 _aIndustrial policies
_b International restructuring and transnationals.
260 _c1984
942 _hXM8.1'N8, M4
_cTEXL
_2CC
999 _c833430
_d833430